| 000 | 01107nam0a22003251 4500 | ||
|---|---|---|---|
| 001 | RU\NLR\A1SV\142074 | ||
| 005 | 20260405162058.0 | ||
| 035 | _a(NLR Aleph) 010841791 | ||
| 090 |
_a10331286 _c10331286 |
||
| 100 | _a20141003d1926 u y0rusy50 ca | ||
| 101 | 0 | _arus | |
| 102 | _aRU | ||
| 200 | 1 |
_aБиблиография _eПрограмма _fА.Г.Фомин _gВысшие курсы библиотековедения при Гос. публ. б-ке |
|
| 210 |
_aЛ. _cРос. гос. акад. тип. _d1926 |
||
| 215 |
_a60, [2] с. _d18 см |
||
| 300 | _aНа правах рукоп. | ||
| 620 | _dСанкт-Петербург | ||
| 700 | 1 |
_4220 _8rus _7ca _aФомин _bА. Г. _cлитературовед, библиограф _f1887-1939 _gАлександр Григорьевич _3RU\NLR\AUTH\7768447 _951375 |
|
| 801 | 0 |
_aRU _bNLR _c20141003 |
|
| 852 |
_aNLR _jБ 4/19 |
||
| 852 |
_aNLR _j401/Ф 76 |
||
| 899 | _aБГУНБ | ||
| 899 | _aСПбГУ | ||
| 899 | _aГМЗРК | ||
| 899 | _aСПбГИК | ||
| 899 | _aРГБ | ||
| 942 | _cBOOK | ||
| 980 | _aNB | ||
| 980 | _aA1SV | ||